000 00585nam a2200169 i 4500
001 81772
003 ES-MaACL
005 20230906174517.0
007 t|
008 041108s1972 sp ||||1| spa d
100 1 _aHumble, John W.
_964712
245 1 0 _aCómo implantar la dirección por objetivos en las áreas funcionales /
_cJohn W. Humble ; [traducción de Cecilio Sánchez Gil].
260 _a[Madrid] :
_bAsociación para el Progreso de la Dirección,
_c[1972]
300 _a398 p. ;
_c24 cm.
700 1 _aSánchez Gil, Cecilio.
_9102671
852 _aES-MaACL
_jC-43492
_bR.81502
999 _c81772
_d81772